000 00918nam a2200277 i 4500
001 bg
003 BPK
005 20240405063041.0
008 030729s1975 pl |000 0bpol
015 _aPB 1975/4146
040 _aWA N
_cBPK
041 0 _apol
080 _a329:323.3-057.2(438)
080 _a929-052(438)"18/19"
100 1 _aMichta, Norbert
_d(1923- ).
245 1 0 _aJulian Marchlewski :
_bPolska : naród : socjalizm /
_cNorbert Michta.
260 _aWarszawa :
_bPańst. Wydaw. Naukowe,
_c1975
_f(Łódz. Druk. Dzieł.).
300 _a461, [3] s. ;
_c20 cm.
600 1 4 _aMarchlewski, Julian
_d(1866-1925)
650 4 _aRuchy społeczne
_zPolska
_y19-20 w.
648 4 _a1801-1900
648 4 _a1901-2000
655 4 _aBiografia
856 _uhttp://koha.tu.koszalin.pl/cgi-bin/koha/opac-detail.pl?biblionumber=26819
_yKatalog online BPK
942 _2UKD
_cKS
999 _c26819
_d26819